Dalit journeys for dignity: Religion, freedom, and caste (Record no. 395233)

MARC details
000 -LEADER
fixed length control field 00625 a2200229 4500
005 - DATE & TIME
control field 20260414112140.0
008 - FIXED-LENGTH DATA ELEMENTS--GENERAL INFORMATION
fixed length control field 260413b |||||||| |||| 00| 0 eng d
020 ## - ISBN
International Standard Book Number 9788178246888
Price Rs. 995.00
040 ## - CATALOGING SOURCE
Original cataloging agency VIVEKANANDA LIBRARY
082 ## - DDC NUMBER
Classification number 305.56880954
Book Number R199D
100 ## - MAIN ENTRY--PERSONAL NAME
Personal name Rawat, Ramnarayan S, ed.
245 ## - TITLE STATEMENT
Title Dalit journeys for dignity: Religion, freedom, and caste
260 ## - PUBLICATION, DISTRIBUTION, ETC. (IMPRINT)
Name of publisher, distributor, etc Permannt Black
Date of publication, distribution, etc 2025
Place of publication, distribution, etc Ranikhet
300 ## - PHYSICAL DESCRIPTION
Pages xiv, 316
650 ## - Subject
Subject Sociology
650 ## - Subject
Subject Social Groups
650 ## - Subject
Subject Scheduled Castes
650 ## - Subject
Subject India
700 ## - Added Entry Personal Name
Added Entry Personal Name Satyanarayan, K ed.
700 ## - Added Entry Personal Name
Added Entry Personal Name Mohan, P Sanal ed.
942 ## - ADDED ENTRY ELEMENTS (KOHA)
Koha item type Books
Holdings
Withdrawn status Lost status Source of classification or shelving scheme Damaged status Not for loan Location (home branch) Sublocation or collection (holding branch) Shelving location Date acquired Koha issues (times borrowed) Koha full call number Accession No. Koha date last seen Koha item type
    Dewey Decimal Classification     VIVEKANANDA LIBRARY VIVEKANANDA LIBRARY Vivekananda Library 05/03/2026   305.56880954 R199D 438652 05/03/2026 Books
© Designed and Maintained by Vivekananda Library, MDU Rohtak